Über die lange Vokale der türkischen Lehnwörter im Ungarischen

Elmentve itt :
Bibliográfiai részletek
Szerző: Räsänen Martti
Dokumentumtípus: Cikk
Megjelent: 1937
Sorozat:Finnisch-ugrischen Forschungen
Kulcsszavak:Magyar nyelv - török jövevényszavak - hangtan
Tárgyszavak:
Online Access:http://misc.bibl.u-szeged.hu/64338
LEADER 00798nab a2200229 i 4500
001 misc64338
005 20230531153939.0
008 230412s1937 hu o 0|| ger d
040 |a SZTE Miscellanea Repozitórium  |b hun 
041 |a ger 
100 1 |a Räsänen Martti 
245 1 0 |a Über die lange Vokale der türkischen Lehnwörter im Ungarischen  |h [elektronikus dokumentum] /  |c  Räsänen Martti 
260 |c 1937 
300 |a 246-255  |c 22 cm 
300 |a [10] p.  |c 22 cm 
490 0 |a Finnisch-ugrischen Forschungen 
561 |a Németh Gyula hagyaték 
591 |a NOA 4769 
650 4 |a Bölcsészettudományok 
650 4 |a Nyelvek és irodalom 
695 |a Magyar nyelv - török jövevényszavak - hangtan 
856 4 0 |u http://misc.bibl.u-szeged.hu/64338/1/4769_noa.pdf  |z Dokumentum-elérés